000 00541nam a2200217Ia 4500
003 OSt
005 20221007070920.0
006 a|||||r|||| 00| 0
007 ta
008 221006b |||||||| |||| 00| 0 eng d
024 _a18,144
037 _cTextual
040 _aFLL
_cFLL
_beng
041 _2eng
_aeng
082 _aZp1:N68j, K9
245 0 _aLegal seminar
260 _aKashmir
_bBroca's Artistic Press India
_c1969
300 _a192p
_ccm.
942 _hZp1:N68j, K9
_cTEXL
_2CC
999 _c1141861
_d1141861